000
00253nam a22001217a 4500
040
_c
SK
082
_a
664
100
_a
NA
245
_a
A guide to calculating the shelf life of foods
260
_a
New zealand
_b
NA
_c
2005
300
_a
27p.
942
_c
EK
999
_c
8856
_d
8856